000 00325nam a22001457a 4500
003 SGT
020 _a978-93-88022-78-1
082 _a616.01
_bBAR
100 _aBAREJA, RAJESH
245 _aNOTES OF MEDICAL MICROBIOLOGY
260 _aINIDA
_bIP. PUB.
_c2023
300 _a362
650 _aMICROBIOLOGY
942 _2ddc
_cBK
999 _c32407
_d32407